| 000 | 02126cam a22004098i 4500 | ||
|---|---|---|---|
| 001 | 22973782 | ||
| 003 | CSPC | ||
| 005 | 20250806134037.0 | ||
| 008 | 230215s2023 nju b 001 0 eng | ||
| 010 | _a 2023007033 | ||
| 020 |
_a9781119853374 _q(paperback) |
||
| 035 | _a22973782 | ||
| 040 |
_aDLC _beng _erda _cDLC _dCSPC |
||
| 042 | _apcc | ||
| 050 | 0 | 0 |
_aNA2760 _b.C46 2023 |
| 082 | 0 | 0 |
_a720 _bC441a _223/eng/20230222 |
| 100 | 1 |
_aChing, Francis D. K., _d1943- _eauthor. |
|
| 245 | 1 | 0 |
_aArchitecture : _bform, space, & order / _cFrancis D.K. Ching. |
| 246 | 0 | 4 |
_aArchitecture : _bform, space, and order. |
| 250 | _aFifth edition. | ||
| 263 | _a2305 | ||
| 264 | 1 |
_aHoboken, New Jersey : _bJohn Wiley & Sons, Inc., _c2023. |
|
| 300 |
_axiii, 481 pages : _billustrations ; _c28 cm. |
||
| 336 |
_atext _btxt _2rdacontent |
||
| 337 |
_aunmediated _bn _2rdamedia |
||
| 338 |
_avolume _bnc _2rdacarrier |
||
| 504 | _aIncludes bibliographical references and index. | ||
| 505 | 0 | _aPrimary elements --Form -- Form & space -- Organization -- Circulation -- Proportion & scale -- Principles. | |
| 520 |
_a"For more than forty years, the beautifully illustrated Architecture: Form, Space, and Order has served as the classic introduction to the basic vocabulary of architectural design. The updated and revised Fifth Edition features the fundamental elements of space and form, illustrated with many new precedents and discussions of the latest technology trends. It is designed to encourage critical thought in order to promote a more evocative understanding of architecture"-- _cProvided by publisher. |
||
| 650 | 0 |
_aArchitecture _xComposition, proportion, etc. |
|
| 650 | 0 | _aSpace (Architecture). | |
| 776 | 0 | 8 |
_iOnline version: _aChing, Francis D. K., 1943- _tArchitecture. _bFifth edition _dHoboken, New Jersey : Wiley, [2023] _z9781119853398 _w(DLC) 2023007034 |
| 906 |
_a7 _bcbc _corignew _d1 _eecip _f20 _gy-gencatlg |
||
| 942 |
_2ddc _cBK _e23 _h720 _iC441a _kENG _m2023 _n0 |
||
| 999 |
_c29896 _d29896 |
||